European Commission Energy Efficiency (Record no. 120973)

MARC details
000 -LEADER
fixed length control field 00825cai a22002055a 4500
001 - CONTROL NUMBER
control field L156062
008 - FIXED-LENGTH DATA ELEMENTS--GENERAL INFORMATION
fixed length control field 120427u2012 xxk g 000 0 eng d
035 ## - SYSTEM CONTROL NUMBER
System control number (Sirsi) u156062
041 0# - LANGUAGE CODE
Language code of text/sound track or separate title eng
110 2# - MAIN ENTRY--CORPORATE NAME
Corporate name or jurisdiction name as entry element European Commission
9 (RLIN) 2292
245 00 - TITLE STATEMENT
Title European Commission Energy Efficiency
Medium [electronic resource]
260 ## - PUBLICATION, DISTRIBUTION, ETC.
Place of publication, distribution, etc. Brussels
Name of publisher, distributor, etc. EU
Date of publication, distribution, etc. 2012
520 ## - SUMMARY, ETC.
Summary, etc. Information about energy efficiency with the EU aiming for a 20% cut in Europe's annual primary energy consumption by 2020. Includes details of the Energy Efficiency Directive and energy efficiency in buildings.
590 ## - LOCAL NOTE (RLIN)
Local note KA
651 #4 - SUBJECT ADDED ENTRY--GEOGRAPHIC NAME
Geographic name Europe
690 ## - LOCAL SUBJECT ADDED ENTRY--TOPICAL TERM (OCLC, RLIN)
Topical term or geographic name as entry element Energy
9 (RLIN) 6237
690 ## - LOCAL SUBJECT ADDED ENTRY--TOPICAL TERM (OCLC, RLIN)
Topical term or geographic name as entry element Environment
9 (RLIN) 6238
856 40 - ELECTRONIC LOCATION AND ACCESS
Uniform Resource Identifier <a href="https://ec.europa.eu/energy/efficiency/buildings/buildings_en.htm">https://ec.europa.eu/energy/efficiency/buildings/buildings_en.htm</a>
Public note View the website free of charge at http://ec.europa.eu
942 ## - ADDED ENTRY ELEMENTS (KOHA)
Suppress in OPAC 0
Holdings
Withdrawn status Lost status Source of classification or shelving scheme Damaged status Not for loan Home library Current library Shelving location Date acquired Total Checkouts Full call number Barcode Date last seen Copy number Price effective from Koha item type
    Dewey Decimal Classification     Virtual Virtual Online 27/04/2012   WEBSITE 156062-2001 06/08/2019 1 06/08/2019 Online material